Business process management. Concepts, languages, architectures
Salvato in:
| Autore principale: | |
|---|---|
| Natura: | Libro |
| Lingua: | inglese |
| Pubblicazione: |
New York, USA
Springer
2007
|
| Soggetti: | |
| Accesso online: | Disponible Online |
| Tags: |
Aggiungi Tag
Nessun Tag, puoi essere il primo ad aggiungerne!!
|
MARC
| LEADER | 00000nam a2200000 a 4500 | ||
|---|---|---|---|
| 001 | UCI5261 | ||
| 003 | CL-VaPUC | ||
| 005 | 20230905074223.0 | ||
| 008 | 080320e20070000US |||||||||||||||||eng|d | ||
| 999 | |c 329016 |d 329014 | ||
| 020 | |a 9783540735212 | ||
| 040 | |c Pontificia Universidad Católica de Valparaíso | ||
| 082 | 0 | 4 | |a 658.4063 WES 2007 |2 21 |
| 100 | 0 | |a Weske, Mathias |e author |9 527472 | |
| 245 | 1 | 0 | |a Business process management. |b Concepts, languages, architectures |
| 260 | |a New York, USA |b Springer |c 2007 | ||
| 300 | |a 368 páginas | ||
| 583 | |a last modification |c 20080320 00:00:00 |k Rodrigo Vera | ||
| 650 | 0 | |a Gerencia |2 CL-VaPUC |9 434172 | |
| 650 | 0 | |a Gestión administrativa |9 375217 | |
| 650 | 0 | |a Gestión de control |2 CL-VaPUC |9 525312 | |
| 650 | 0 | |a Administración de empresas |9 260833 | |
| 650 | 0 | |a Planificación estratégica |9 259735 | |
| 856 | |u http://bibliografiadigital.pucv.cl.pucv.idm.oclc.org/index.php/bibliotecapucv/catalog/book/591 |y Disponible Online | ||
| 942 | |c BK |2 ddc | ||
| 945 | |d 20080320 00:00:00 |a rbrito | ||
| 952 | |0 0 |1 0 |4 0 |6 658_406300000000000_WES_2007 |7 0 |8 A |9 413288 |a BIBING |b BIBING |d 2019-11-22 |i 4417518 |l 2 |o 658.4063 WES 2007 |p 4417518 |r 2025-01-20 |s 2023-09-06 |w 2019-11-22 |y BK |k EII | ||